Štúdium starnutia záznamových prostriedkov v dokumentoch pre kriminalisticko-technické účely

Gespeichert in:
Bibliographische Detailangaben
1. Verfasser: Jankovičová, Veronika (Verfasst von)
Weitere Verfasser: Reháková, Milena (Betreuung Doktorarbeit)
Format: Manuskript Buch
Sprache:Slowakisch
Veröffentlicht: 2017
Schlagworte:
Online-Zugang:http://is.stuba.sk/zp/portal_zp.pl?podrobnosti=118773
Tags: Tag hinzufügen
Keine Tags, Fügen Sie das erste Tag hinzu!

MARC

LEADER 00000ntm a22000003a 4500
001 stuzp62191
003 SK-STU
005 20170715210606.3
007 ta
008 150427s2015----xo-----f-mn---000-0-slo-d
040 |a STU  |b slo 
041 0 |a slo 
100 1 |a Jankovičová, Veronika  |u 049160  |4 aut  |U FCHPT Ústav prírodných a syntetických polymérov  |T FCHPT Oddelenie polygrafie a aplikovanej fotochémie  |X 61228  |U C9160  |Y 127  |7 61228 
242 0 1 |a The study of aging of writing inks for forensic and technical examination  |y eng 
245 1 0 |a Štúdium starnutia záznamových prostriedkov v dokumentoch pre kriminalisticko-technické účely 
260 |c 2017 
650 4 |a povrchovo zosilnená Ramanova spektroskopia (SERS)  |2 slo 
650 4 |a skúmanie dokumentu  |2 slo 
650 4 |a záznamové prostriedky  |2 slo 
650 4 |a urýchlené starnutie  |2 slo 
650 4 |a Surface Enhanced Raman Spectroscopy (SERS)  |2 eng 
650 4 |a writing pen inks  |2 eng 
650 4 |a document examination  |2 eng 
650 4 |a accelerated ageing  |2 eng 
700 1 |a Reháková, Milena  |u 049160  |k Z1  |4 ths  |U FCHPT Ústav prírodných a syntetických polymérov  |T FCHPT Oddelenie polygrafie a aplikovanej fotochémie  |X 3378  |U C9160  |Y 127  |7 A000003378 
856 4 |u http://is.stuba.sk/zp/portal_zp.pl?podrobnosti=118773